Statistics for azure mines ores (ingame, unused, removed, upcoming)

Click here to take the quiz!

General Stats

  • This quiz has been taken 7 times
    (4 since last reset)
  • The average score is 47 of 74

Answer Stats

Answer% Correct
Amethyst
100%
Coal
100%
Copper
100%
Diamond
100%
Emerald
100%
Gold
100%
Iron
100%
Moonstone
100%
Opal
100%
Ruby
100%
Sapphire
100%
Silver
100%
Stone
100%
Sulfur
100%
Antimatter
67%
Azure
67%
Baryte
67%
Boomite
67%
Constellatium
67%
Corium
67%
Darkmatter
67%
Dragonglass
67%
Element V
67%
Firecrystal
67%
Frawstbyte
67%
Frightstone
67%
Frostarium
67%
Garnet
67%
Giftium
67%
Gingerbreadium
67%
Mithril
67%
Newtonium
67%
Noobite
67%
Orichalcum
67%
Painite
67%
Peppermintium
67%
Platinum
67%
Plutonium
67%
Promethium
67%
Pumpkinite
67%
Rainbonite
67%
Redmatter
67%
Serendibite
67%
Sinistyte L
67%
Solarium
67%
Soulstone
67%
Stellarite
67%
Symmetrium
67%
Topaz
67%
Unobtainium
67%
Uranium
67%
Valhalum
67%
Yunium
67%
Alexandrite
33%
Ambrosia
33%
Bismuth
33%
Dark Iron
33%
Dragonstone
33%
Gargantium
33%
Havium
33%
Illuminunium
33%
Kappa
33%
Magmium
33%
Memerock
33%
Nebulyte
33%
Nightmarium
33%
Nihilium
33%
Nullstone
33%
Pile of Gold
33%
Shadow Metal
33%
Sinistyte E
33%
Sinistyte M
33%
Sinistyte S
33%
Twitchite
33%

Score Distribution

Percentile by Number Answered

Percent of People with Each Score

Your Score History

You have not taken this quiz since the last reset